| 000 | 00000nam##2200000za#4500 |
| 001 | 9.601469 |
| 003 | CaOODSP |
| 005 | 20210624210105 |
| 007 | cr ||||||||||| |
| 008 | 150406|2008||||xxc|||||o f|0| 0 fre|d |
| 022 | |a1919-5117 |
| 040 | |aCaOODSP|bfre |
| 043 | |an-cn--- |
| 086 | 1 |aFs70-6/2008-024F-PDF |
| 110 | 1 |aCanada. |bMinistère des pêches et des océans. |bRégion des Maritimes. |
| 245 | 10|aÉvaluation du potentiel de rétablissement du brosme (Brosme brosme) |h[ressource électronique] |
| 246 | 17|aRégion des Maritimes : EPR du brosme |
| 250 | |aRév. août 2008 |
| 260 | |aDartmouth - Nouvelle-Écosse : |bPêches et Océans Canada. |cJuillet 2008. |
| 300 | |a12p.|bill. en couleur, graphiques, carte, références, tableaux |
| 490 | 1 |aSecrétariat canadien de consultation scientifique, avis scientifique |x1919-5117|v2008/024, Région des Maritimes |
| 590 | |a11-21-Supp|b2011-09-30 |
| 775 | 08|tRecovery potential assessment for cusk (Brosme brosme) |w(CaOODSP)9.570825 |
| 830 | #0|aAvis scientifique (Secrétariat canadien de consultation scientifique)|x1919-5117|v2008/024, Région des Maritimes|w(CaOODSP)9.502624 |
| 856 | 40|ahttp://publications.gc.ca|qPDF|s165 Ko|uhttps://publications.gc.ca/collections/collection_2011/mpo-dfo/Fs70-6-2008-024-fra.pdf|y2008/024, Région des Maritimes |